[Event "Commonwealth-ch"]
[Site "Mumbai"]
[Date "2004.01.14"]
[Round "5"]
[White "Avari, Viraf"]
[Black "Meenakshi, Subbaraman"]
[Result "0-1"]
[WhiteElo "2112"]
[BlackElo "2328"]
[PlyCount "124"]
[EventDate "2004.01.10"]
[EventType "swiss"]
[EventRounds "9"]
[EventCountry "IND"]
[SourceTitle "EXT 2006"]
[Source "ChessBase"]
[SourceDate "2005.11.24"]
[SourceVersion "1"]
[SourceVersionDate "2005.11.24"]
[SourceQuality "1"]

1. e4 c5 2. Nf3 Nc6 3. d4 cxd4 4. Nxd4 e5 5. Nb5 d6 6. N1c3 a6 7. Na3 b5 8. Nd5 Nce7 9. Bg5 Be6 10. c4 h6 11. Be3 Bxd5 12. cxd5 f5 13. f3 Nf6 14. Bd3 f4 15. Bf2 Qd7 16. Qe2 Kf7 17. Nc2 g5 18. Nb4 Qb7 19. Rc1 Nd7 20. 0-0 Nc5 21. Kh1 Rc8 22. Bb1 Bg7 23. Bxc5 dxc5 24. Nd3 c4 25. Nf2 Qb6 26. Rfd1 Rhd8 27. Rc3 Bf8 28. Ng4 Ng6 29. Qf2 Qc7 30. h3 h5 31. Nh2 Bc5 32. Qe2 Bd4 33. Rcc1 Qb6 34. a3 Nf8 35. Ba2 Be3 36. Rc2 Bd4 37. Nf1 Nd7 38. Nd2 Nc5 39. Kh2 Nd3 40. Nb1 Kf6 41. Rf1 Rg8 42. Nc3 Nxb2 43. d6 Bxc3 44. Rxc3 Nd3 45. Bb1 Nc5 46. Rd1 Rgd8 47. h4 Rxd6 48. hxg5+ Kxg5 49. Rd5 Rxd5 50. exd5 Qf6 51. Rc1 Rd8 52. Be4 Kh6 53. Qf2 Nb3 54. Rh1 Nd4 55. Kg1 c3 56. Kf1 Rg8 57. Ke1 a5 58. Kd1 b4 59. axb4 axb4 60. Rh2 Qa6 61. Kc1 Qa1+ 62. Bb1 c2 0-1

[Event "Hastings Challengers"]
[Site "Hastings"]
[Date "2003.01.04"]
[Round "8"]
[White "Seel, Christian"]
[Black "Avari, Viraf"]
[Result "1-0"]
[WhiteElo "2325"]
[BlackElo "2088"]
[PlyCount "78"]
[EventDate "2002.12.28"]
[EventType "swiss"]
[EventRounds "9"]
[EventCountry "ENG"]
[SourceTitle "CBM 091 Extra"]
[Source "ChessBase"]
[SourceDate "2003.01.09"]
[SourceVersion "1"]
[SourceVersionDate "2003.01.09"]
[SourceQuality "1"]

1. Nf3 Nf6 2. c4 c5 3. Nc3 e6 4. g3 b6 5. Bg2 Bb7 6. 0-0 Be7 7. Re1 d6 8. e4 Nbd7 9. d4 cxd4 10. Nxd4 Qc7 11. Be3 a6 12. Rc1 0-0 13. f4 Rac8 14. f5 e5 15. Nb3 Qb8 16. Qe2 Qa8 17. Bf2 Bc6 18. g4 g6 19. Qf3 Kh8 20. h4 Ng8 21. Red1 Qb8 22. Qd3 gxf5 23. exf5 Bxg2 24. Kxg2 Ngf6 25. Kh3 e4 26. Qd4 Ne5 27. Nd5 Nxd5 28. cxd5 f6 29. Qxe4 b5 30. Nd4 Rg8 31. Nc6 Qb7 32. Nxe5 dxe5 33. Rc6 Rcd8 34. g5 Qxc6 35. dxc6 Rxd1 36. Qc2 Rdd8 37. Bc5 Rge8 38. c7 Rc8 39. Bb6 fxg5 1-0

[Event "Hastings Challengers"]
[Site "Hastings"]
[Date "2003.01.01"]
[Round "5"]
[White "Christ, Ralf"]
[Black "Avari, Viraf"]
[Result "0-1"]
[WhiteElo "2292"]
[BlackElo "2088"]
[PlyCount "104"]
[EventDate "2002.12.28"]
[EventType "swiss"]
[EventRounds "9"]
[EventCountry "ENG"]
[SourceTitle "CBM 091 Extra"]
[Source "ChessBase"]
[SourceDate "2003.01.09"]
[SourceVersion "1"]
[SourceVersionDate "2003.01.09"]
[SourceQuality "1"]

1. e4 e5 2. Bc4 Nf6 3. d3 Bc5 4. Nf3 d6 5. c3 Nc6 6. Bb3 Bg4 7. Nbd2 Qd7 8. 0-0 Nh5 9. Nc4 0-0-0 10. a4 Nf6 11. a5 a6 12. Ba4 Bxf3 13. gxf3 Qh3 14. b4 Ba7 15. b5 Ne7 16. Ne3 axb5 17. Bxb5 c6 18. Ba4 Nh5 19. Ng2 d5 20. Be3 Rd6 21. Kh1 Rg6 22. Rg1 Bxe3 23. Nxe3 Rxg1+ 24. Qxg1 Qxf3+ 25. Qg2 dxe4 26. dxe4 Qxg2+ 27. Kxg2 Nf4+ 28. Kf3 h5 29. Bb3 f6 30. a6 bxa6 31. Rxa6 Kb7 32. Ra2 g5 33. Nc4 Rd8 34. Bc2 Neg6 35. Ke3 Ng2+ 36. Ke2 N6f4+ 37. Kf1 Nh4 38. Rb2+ Kc7 39. Na5 Ra8 40. Ra2 Nf3 41. Bd1 Nxh2+ 42. Kg1 Ng4 43. Bxg4 hxg4 44. Kh2 Nd3 45. Kg3 Nc5 46. Kxg4 Nb7 47. Kf5 Rxa5 48. Re2 Rc5 49. Re3 Nd6+ 50. Kxf6 Rxc3 51. Re2 Nc4 52. Kxg5 Rf3 0-1

[Event "Hastings Challengers"]
[Site "Hastings"]
[Date "2000.01.03"]
[Round "6"]
[White "Pickersgill, Adrian"]
[Black "Avari, Viraf"]
[Result "1-0"]
[WhiteElo "2098"]
[BlackElo "2156"]
[PlyCount "59"]
[EventDate "1999.12.29"]
[EventType "swiss"]
[EventRounds "9"]
[EventCountry "ENG"]
[SourceTitle "CBM 074 Extra"]
[Source "ChessBase"]
[SourceDate "2000.03.10"]
[SourceVersion "2"]
[SourceVersionDate "2000.03.10"]
[SourceQuality "1"]

1. e4 c5 2. Nf3 Nc6 3. c3 d5 4. Bd3 Nf6 5. e5 Ng4 6. Qe2 c4 7. Bc2 Qc7 8. Ba4 Bd7 9. Bxc6 bxc6 10. h3 Nh6 11. g4 g6 12. d4 cxd3 13. Qxd3 Bg7 14. Bf4 e6 15. Qd2 Ng8 16. Na3 h5 17. Rg1 hxg4 18. hxg4 c5 19. 0-0-0 Bc6 20. Qe2 Qb7 21. Rg3 0-0-0 22. c4 Qa6 23. Nd2 Rd7 24. Nb5 Bxb5 25. cxb5 Qa4 26. Bg5 Qd4 27. f4 c4 28. Rc3 Qb6 29. Nxc4 dxc4 30. Qxc4+ 1-0

[Event "Commonwealth-ch"]
[Site "India"]
[Date "1999.??.??"]
[Round "?"]
[White "Lahiri, Atanu"]
[Black "Avari, Viraf"]
[Result "1-0"]
[WhiteElo "2345"]
[BlackElo "2219"]
[PlyCount "113"]
[EventDate "1999.??.??"]
[EventType "swiss"]
[EventRounds "10"]
[EventCountry "IND"]
[SourceTitle "EXT 2002"]
[Source "ChessBase"]
[SourceDate "2001.11.25"]
[SourceVersion "1"]
[SourceVersionDate "2001.11.25"]
[SourceQuality "1"]

1. d4 Nf6 2. c4 e6 3. Nc3 Bb4 4. e3 c5 5. Bd3 Nc6 6. Nf3 d5 7. 0-0 0-0 8. a3 Ba5 9. cxd5 exd5 10. dxc5 Bxc3 11. bxc3 Qa5 12. c4 dxc4 13. Bxc4 Qxc5 14. Qc2 Be6 15. Bd3 Qxc2 16. Bxc2 Bc4 17. Rd1 Rfd8 18. Bb2 Be2 19. Rxd8+ Rxd8 20. Nd4 Nxd4 21. Bxd4 a6 22. Rc1 Bg4 23. f3 Be6 24. Bd3 Rc8 25. Rxc8+ Bxc8 26. Kf2 b5 27. Ke2 Nd7 28. Kd2 g6 29. e4 Kf8 30. Bc2 Ke7 31. Bb3 Bb7 32. Ke3 f6 33. f4 f5 34. exf5 gxf5 35. g3 Be4 36. g4 Nf6 37. Bxf6+ Kxf6 38. g5+ Kg6 39. Kd4 a5 40. Kc5 Bd3 41. Bd1 h6 42. h4 hxg5 43. hxg5 Kg7 44. Kb6 b4 45. a4 Bc4 46. Kxa5 b3 47. Kb4 b2 48. Bc2 Ba2 49. a5 b1Q+ 50. Bxb1 Bxb1 51. a6 Kf7 52. Kc5 Ke6 53. Kc6 Be4+ 54. Kc7 Kd5 55. a7 Kd4 56. g6 Bd5 57. g7 1-0